| 000 | 00571nam a2200181Ia 4500 | ||
|---|---|---|---|
| 008 | 220216s9999 xx 000 0 und d | ||
| 100 | _aLacrotte R | ||
| 245 | 0 | _aElectrophysiological studies of sugar transport mechanisms through plasmalemma of latex vessels of Hevea brasiliensis | |
| 260 | _bHevea 88: IRRDB, 2 August to 7 November 1988, Paris. pp.535-545. | ||
| 650 | _aLatex vessels | ||
| 650 | _aSugar transport mechanism | ||
| 700 | _aChrestin H | ||
| 700 | _aCornel D | ||
| 700 | _adAuzac J | ||
| 700 | _aMonestiez M | ||
| 700 | _aRona J P | ||
| 942 | _cJS | ||
| 999 |
_c58542 _d58542 |
||